| 000 | 00600 a2200193 4500 | ||
|---|---|---|---|
| 999 |
_c30191 _d30191 |
||
| 003 | NUST | ||
| 005 | 20180118120035.0 | ||
| 008 | 180118b xxu||||| |||| 00| 0 eng d | ||
| 020 | _a0070486581 | ||
| 020 | _a9780070486584 | ||
| 082 | _a519.2 | ||
| 100 | 1 |
_aPapoulis, S Pillai Athanasios. _98665 |
|
| 245 | 1 | 0 |
_aProbability, random variables and stochastic processes / _cS Pillai Athanasios Papoulis. |
| 250 | _a4th ed. | ||
| 260 |
_aNew Delhi _bTata Mcgraw Hill, _c2002. |
||
| 300 |
_a852 p. ; _c24 cm. |
||
| 490 | 1 | _aTata McGraw-Hill Edition | |
| 520 | _aProbability, Random Variables and Stochastic. | ||
| 830 | 0 |
_aTata McGraw-Hill Edition _98666 |
|
| 942 |
_aSNS _cBK _k519.2 PAP _2ddc |
||